00805nam a2200241Ia 4500008004100000020001800041050000800059050001400067245001200081245006400093245003300157260001700190260002000207260000900227300001400236300001100250650005700261650003100318650005200349700003200401999001900433952011100452160319s9999 xx 000 0 und d a9789712723643 a920 bJ91c 2010 aCory :  ban intimate portrait II : selected tributes and eulogies /  cMargie Penson-Juico, editor. aPasig City : bAnvil Pub. Inc. c2010 a155 p. ;  c23 cm. aAquino, Corazon Cojuangco -- Friends and associates. aAquino, Corazon Cojuangco. aPhilippines -- Politics and government -- 1986- aJuico, Margarita P., editor c292228d292228 001040aSSISBbSSISBcFILd2016-03-19l0oFil 920 J91c 2010pUS 1148r2016-03-19 00:00:00w2016-03-19yBK